The secret scripture (Record no. 137530)

000 -LEADER
fixed length control field 00306nam a2200121Ia 4500
008 - FIXED-LENGTH DATA ELEMENTS--GENERAL INFORMATION
fixed length control field 220120s9999||||xx |||||||||||||| ||und||
082 ## - DEWEY DECIMAL CLASSIFICATION NUMBER
Classification number 823 BAR
100 ## - MAIN ENTRY--PERSONAL NAME
Personal name Barry, Sebastian
9 (RLIN) 11979
245 #4 - TITLE STATEMENT
Title The secret scripture
260 ## - PUBLICATION, DISTRIBUTION, ETC.
Place of publication, distribution, etc. Faber and faber
Date of publication, distribution, etc. 2009
300 ## - PHYSICAL DESCRIPTION
Other physical details 0
650 ## - SUBJECT ADDED ENTRY--TOPICAL TERM
Topical term or geographic name entry element HEAT AND MASS TRANSFOR
Holdings
Withdrawn status Lost status Damaged status Not for loan Collection code Home library Current library Date acquired Full call number Barcode Date last seen Price effective from Koha item type
        Humanity Science Central Library Central Library 01/20/2022 823 BAR GF1389 01/04/2023 01/20/2022 Gift Books

Powered by Koha